Country Anagram Quiz With A Twist - Statistics

General Stats
  • This quiz has been taken 14 times
  • The average score is 6 of 15
Answer Stats
Picture Answer % Correct
Peru(Rope)
92%
China(Chair)
75%
France(Dancer)
67%
Germany(Manager)
67%
Spain(Nails)
58%
Laos(Halo)
50%
Togo(Goat)
50%
Yemen(Money)
33%
Gabon(Bongo)
25%
Iceland(Candles)
25%
Malta(Llama)
25%
Norway(Crayon)
25%
Cuba(Buck)
17%
Benin(Nines)
8%
Qatar(Tiara)
0%
No matching quizzes found
Score Distribution
Percent of People with Each Score
Percentile by Number Answered
Your Score History
You have not taken this quiz